<?xml version="1.0" encoding="UTF-8"?>
<record
    xmlns:xsi="http://www.w3.org/2001/XMLSchema-instance"
    xsi:schemaLocation="http://www.loc.gov/MARC21/slim http://www.loc.gov/standards/marcxml/schema/MARC21slim.xsd"
    xmlns="http://www.loc.gov/MARC21/slim">

  <leader>01319nam a22002177a 4500</leader>
  <datafield tag="952" ind1=" " ind2=" ">
    <subfield code="0">0</subfield>
    <subfield code="1">0</subfield>
    <subfield code="2">lcc</subfield>
    <subfield code="3">v.4</subfield>
    <subfield code="4">0</subfield>
    <subfield code="7">0</subfield>
    <subfield code="a">03</subfield>
    <subfield code="b">03</subfield>
    <subfield code="d">2001-05-15</subfield>
    <subfield code="l">4</subfield>
    <subfield code="o">HV6025 O8718 1999</subfield>
    <subfield code="p">03 000148</subfield>
    <subfield code="r">2014-08-26</subfield>
    <subfield code="s">2014-08-26</subfield>
    <subfield code="t">1</subfield>
    <subfield code="w">2012-07-20</subfield>
    <subfield code="y">LB</subfield>
  </datafield>
  <datafield tag="952" ind1=" " ind2=" ">
    <subfield code="0">0</subfield>
    <subfield code="1">0</subfield>
    <subfield code="2">lcc</subfield>
    <subfield code="3">v.4</subfield>
    <subfield code="4">0</subfield>
    <subfield code="7">0</subfield>
    <subfield code="a">03</subfield>
    <subfield code="b">03</subfield>
    <subfield code="d">2014-09-12</subfield>
    <subfield code="l">0</subfield>
    <subfield code="o">HV6025 O8718 1999</subfield>
    <subfield code="p">03 006898</subfield>
    <subfield code="r">2014-09-12</subfield>
    <subfield code="t">2</subfield>
    <subfield code="w">2014-09-12</subfield>
    <subfield code="y">LB</subfield>
  </datafield>
  <datafield tag="999" ind1=" " ind2=" ">
    <subfield code="c">78528</subfield>
    <subfield code="d">78528</subfield>
  </datafield>
  <controlfield tag="008">120720s1999    mx            000 0 spa d</controlfield>
  <datafield tag="020" ind1=" " ind2=" ">
    <subfield code="a">9706134174</subfield>
  </datafield>
  <datafield tag="050" ind1=" " ind2=" ">
    <subfield code="a">HV6025.08718</subfield>
    <subfield code="b">M24 1999</subfield>
  </datafield>
  <datafield tag="100" ind1=" " ind2=" ">
    <subfield code="a">Maguire, Mike</subfield>
    <subfield code="e">autor</subfield>
  </datafield>
  <datafield tag="245" ind1="0" ind2=" ">
    <subfield code="a">Manual de Criminolog&#xED;a </subfield>
    <subfield code="c"> / Mike Maguire, Rod Morgan, Robert Reiner ; traducci&#xF3;n Arturo Aparicio V&#xE1;zquez</subfield>
  </datafield>
  <datafield tag="260" ind1=" " ind2=" ">
    <subfield code="a">M&#xE9;xico</subfield>
    <subfield code="b"> : Oxford</subfield>
    <subfield code="c">, 1999</subfield>
  </datafield>
  <datafield tag="300" ind1=" " ind2=" ">
    <subfield code="a">xiv, 706 p&#xE1;ginas </subfield>
  </datafield>
  <datafield tag="505" ind1=" " ind2=" ">
    <subfield code="a">Paradigmas recientes de la criminolog&#xED;a
Estad&#xED;sticas, pautas y tendencias de la criminalidad: cambios en las percepciones y sus implicaciones
Delitos violentos
Delitos de cuello blanco
Drogas: m&#xE9;todos de control, delincuencia y estudios criminol&#xF3;gicos
Crimen profesional y organizado en Inglaterra
La econom&#xED;a pol&#xED;tica del delito
Desarrollo hmano y trayectorias criminales
Criminolog&#xED;a ambiental
Prevenci&#xF3;n del delito
La polic&#xED;a y la actividad policiaca
Prisioneos
Raza, delito y justicia penal
Delincuentes con trastornos mentales 
V&#xED;ctimas
  </subfield>
  </datafield>
  <datafield tag="519" ind1=" " ind2=" ">
    <subfield code="a">Plan Flexible /
</subfield>
    <subfield code="b">Criminal&#xED;stica / </subfield>
    <subfield code="c">Criminolog&#xED;a (P01-1) /</subfield>
    <subfield code="d">(03 000148)</subfield>
  </datafield>
  <datafield tag="519" ind1=" " ind2=" ">
    <subfield code="a">Material Complementario /
</subfield>
    <subfield code="d">(03 006898)</subfield>
  </datafield>
  <datafield tag="650" ind1="1" ind2="0">
    <subfield code="a">CRIMINOLOG&#xCD;A</subfield>
    <subfield code="x">MANUALES</subfield>
  </datafield>
  <datafield tag="700" ind1=" " ind2=" ">
    <subfield code="a">Morgan, Rod</subfield>
    <subfield code="e">autor</subfield>
  </datafield>
  <datafield tag="700" ind1=" " ind2=" ">
    <subfield code="a">Reiner, Robert  </subfield>
    <subfield code="e">autor</subfield>
  </datafield>
  <datafield tag="700" ind1=" " ind2=" ">
    <subfield code="a">Aparicio V&#xE1;zquez, Arturo </subfield>
    <subfield code="e">traductor</subfield>
  </datafield>
  <datafield tag="942" ind1=" " ind2=" ">
    <subfield code="c">LB</subfield>
  </datafield>
</record>
